00868 2200169 4500245003700000020001800037250001100055100001400066650001700080005001900097260004200116041001400158084000800172300002300180500048600203336000900689 aSelamat TinggalcTere LiyehText a9786020647821 aCet. 1 aTere Liye aNovel Remaja a20240110145919 aJakartabGramedia Pustaka Utamac2020 aIndonesia a813 a360 hlm. :c20 cm. aKita tidak sempurna. Kita mungkin punya keburukan, melakukan kesalahan, bahkan berbuat jahat, menyakiti orang lain. Tapi beruntunglah yang mau berubah. Berjanji tidak melakukannya lagi, memperbaiki, dan menebus kesalahan tersebut. Mari tutup masa lalu yang kelam, mari membuka halaman yang baru. Jangan ragu-ragu. Jangan cemas. Tinggalkanlah kebodohan dan ketidakpedulian. "Selamat Tinggal" suka berbohong, "Selamat Tinggal" kecurangan, "Selamat Tinggal" sifat-sifat buruk lainnya. atext